| 000 | 00710nam a2200229 a 4500 | ||
|---|---|---|---|
| 999 |
_c11591 _d11591 |
||
| 001 | 11591 | ||
| 003 | BD-JhCC | ||
| 005 | 20220811134024.0 | ||
| 008 | 200428b2020 bg a|||| ||a| 001 0 ben d | ||
| 020 | _a9789840759880 | ||
| 035 | _a(BD-JhCC)11591 | ||
| 040 |
_aBD-JhCC _dBD-JhCC |
||
| 041 | _aben | ||
| 082 |
_a954.920 _bRAH 2020 |
||
| 100 | _aরহমান, শেখ মজিবুর | ||
| 245 |
_aআমার দেখা নয়াচীন / _cশেখ মজিবুর রহমান । |
||
| 260 |
_aঢাকা: _bবাংলা একাডেমি; _c২০২০. |
||
| 300 |
_a199 p. : _bill; _c22cm. |
||
| 650 |
_aHistory _zBangladesh |
||
| 942 |
_2ddc _cBK _06 |
||